书目信息 |
| 题名: |
化工小商品生产法
|
|
| 作者: | 李朝略 主编 | |
| 分册: | ||
| 出版信息: | 长沙 湖南科学技术出版社 1985 |
|
| 页数: | 423 | |
| 开本: | 19cm | |
| 丛书名: | ||
| 单 册: | ||
| 中图分类: | TQ65 | |
| 科图分类: | ||
| 主题词: | 化妆品--化学工业 , 香料--化学工业 | |
| 电子资源: | ||
| ISBN: | ||
| 000 | 00539nam0 2200181 450 | |
| 001 | 0754114953 | |
| 005 | 20070929150154.95 | |
| 100 | @a20070929d km y0chiy0120 ea | |
| 101 | 0 | @achi |
| 200 | 1 | @a化工小商品生产法@Ahua gong xiao shang pin sheng chan fa@f李朝略 主编@Fli chao lue zhu bian |
| 210 | @a长沙@c湖南科学技术出版社@d1985 | |
| 215 | @a423@c插图@d19cm | |
| 606 | 0 | @a化妆品@x化学工业 |
| 606 | 0 | @a香料@x化学工业 |
| 690 | @aTQ65@v3 | |
| 701 | 0 | @a李朝略@Ali chao lue@4主编 |
| 801 | 0 | @aCN@bPFT@c20070929 |
| 905 | @a213230@dTQ65@eh77@f1 | |
| 化工小商品生产法/李朝略 主编.-长沙:湖南科学技术出版社,1985 |
| 423:插图;19cm |
| ISBN : |
| ● |
| 相关链接 |
|
|
|
|
正题名:化工小商品生产法
索取号:TQ65/h77
 
预约/预借
| 序号 | 登录号 | 条形码 | 馆藏地/架位号 | 状态 | 备注 |
| 1 | 6001096 | 260010963 | 密集书库-化学系/ [索取号:TQ65/h77] | 在馆 |